Подробности
| 000 -МАРКЕР |
| контрольное поле |
03067nam2a22004091 4500 |
| 001 - ИДЕНТИФИКАТОР ЗАПИСИ |
| контрольное поле |
rc\494918 |
| 005 - ИДЕНТИФИКАТОР ВЕРСИИ |
| контрольное поле |
20250621165657.0 |
| 010 ## - МЕЖДУНАРОДНЫЙ СТАНДАРТНЫЙ НОМЕР КНИГИ (ISBN) |
| Номер (ISBN) |
5-280-00859-1 |
| Тираж |
100000 |
| 035 ## - ДРУГИЕ СИСТЕМНЫЕ НОМЕРА |
| Идентификатор записи |
(NLR Aleph) 005817315 |
| 100 ## - ДАННЫЕ ОБЩЕЙ ОБРАБОТКИ |
| Данные общей обработки |
20030616d1989 |||y0rusy50 ca |
| 101 0# - ЯЗЫК РЕСУРСА |
| Язык текста, звукозаписи и т.д. |
русский |
| 102 ## - СТРАНА ПУБЛИКАЦИИ ИЛИ ПРОИЗВОДСТВА |
| Страна публикации |
Российская Федерация |
| 105 ## - ПОЛЕ КОДИРОВАННЫХ ДАННЫХ: ТЕКСТОВЫЕ МАТЕРИАЛЫ, МОНОГРАФИЧЕСКИЕ |
| Кодированные данные о монографическом текстовом документе |
y ||||||||| |
| 200 1# - ЗАГЛАВИЕ И СВЕДЕНИЯ ОБ ОТВЕТСТВЕННОСТИ |
| Основное заглавие |
Историческая и автобиографическая проза |
| 210 ## - ПУБЛИКАЦИЯ, РАСПРОСТРАНЕНИЕ И ДР. |
| Дата издания, распространения и т.д. |
1989 |
| Место издания, распространения и т.д. |
Б. м. |
| 215 ## - ФИЗИЧЕСКАЯ ХАРАКТЕРИСТИКА |
| Специфическое обозначение материала и объем |
557, [2] с. |
| 327 1# - ПРИМЕЧАНИЯ О СОДЕРЖАНИИ |
| Текст примечания |
Содерж.: Лики на заре: Ист. повести: Сказание об Ольге; Сказание о Феодосии; Феодорец Белый Клобучок; Кто умирает; Смута: Мозаики: Голод; Гибель династии; Черный день Василия Шуйского; Болотников. Каравай на столе; Марина. Кому набольший кусок; Из американских встреч; Из письма; Из запасников памяти; О моей жизни, книгах и читателях |
| 461 #0 - УРОВЕНЬ НАБОРА |
| Встроенное поле |
001rc\494913 |
| -- |
2001#$aСобрание сочинений$eВ 5 т.$fВера Панова$gРедкол.: С.А. Баруздин и др.$g[Вступ. ст., с. 5-26, и примеч. А. Нинова]$vТ. 5 |
| -- |
700#1$aПанова$bВ.Ф.$gВера Федоровна$f1905-1973 |
| Системный номер (АБИС) связанной записи |
5443584 |
| Автор |
Панова, В.Ф. (1905-1973) |
| Место публикации |
Л. |
| Дата публикации |
1987- |
| Первые сведения об ответственности |
Вера Панова |
| Имя издателя, распространителя и т.д. |
Худож. лит. Ленингр. отд-ние |
| Сведения, относящиеся к заглавию |
В 5 т. |
| Заглавие |
Собрание сочинений |
| ISBN |
5280001473 |
| Номер тома |
Т. 5 |
| 464 #0 - АНАЛИТИЧЕСКИЙ УРОВЕНЬ |
| Встроенное поле |
2001#$aСказание об Ольге |
| Заглавие |
Сказание об Ольге |
| 464 #0 - АНАЛИТИЧЕСКИЙ УРОВЕНЬ |
| Встроенное поле |
2001#$aСказание о Феодосии |
| Заглавие |
Сказание о Феодосии |
| 464 #0 - АНАЛИТИЧЕСКИЙ УРОВЕНЬ |
| Встроенное поле |
2001#$aФеодорец Белый Клобучок |
| Заглавие |
Феодорец Белый Клобучок |
| 464 #0 - АНАЛИТИЧЕСКИЙ УРОВЕНЬ |
| Встроенное поле |
2001#$aКто умирает |
| Заглавие |
Кто умирает |
| 464 #0 - АНАЛИТИЧЕСКИЙ УРОВЕНЬ |
| Встроенное поле |
2001#$aСмута: Мозаики: Голод |
| Заглавие |
Смута: Мозаики: Голод |
| 464 #0 - АНАЛИТИЧЕСКИЙ УРОВЕНЬ |
| Встроенное поле |
2001#$aГибель династии |
| Заглавие |
Гибель династии |
| 464 #0 - АНАЛИТИЧЕСКИЙ УРОВЕНЬ |
| Встроенное поле |
2001#$aЧерный день Василия Шуйского |
| Заглавие |
Черный день Василия Шуйского |
| 464 #0 - АНАЛИТИЧЕСКИЙ УРОВЕНЬ |
| Встроенное поле |
2001#$aБолотников. Каравай на столе |
| Заглавие |
Болотников. Каравай на столе |
| 464 #0 - АНАЛИТИЧЕСКИЙ УРОВЕНЬ |
| Встроенное поле |
2001#$aМарина. Кому набольший кусок |
| Заглавие |
Марина. Кому набольший кусок |
| 464 #0 - АНАЛИТИЧЕСКИЙ УРОВЕНЬ |
| Встроенное поле |
2001#$aИз американских встреч |
| Заглавие |
Из американских встреч |
| 464 #0 - АНАЛИТИЧЕСКИЙ УРОВЕНЬ |
| Встроенное поле |
2001#$aИз письма |
| Заглавие |
Из письма |
| 464 #0 - АНАЛИТИЧЕСКИЙ УРОВЕНЬ |
| Встроенное поле |
2001#$aИз запасников памяти |
| Заглавие |
Из запасников памяти |
| 464 #0 - АНАЛИТИЧЕСКИЙ УРОВЕНЬ |
| Встроенное поле |
2001#$aО моей жизни, книгах и читателях |
| Заглавие |
О моей жизни, книгах и читателях |
| 801 #0 - ИСТОЧНИК ЗАПИСИ |
| Страна |
Российская Федерация |
| Организация |
NLR |
| Правила каталогизации |
psbo |
| 801 #1 - ИСТОЧНИК ЗАПИСИ |
| Страна |
Российская Федерация |
| Организация |
ELAR |
| Источник данных |
rusmarc |
| 852 ## - МЕСТОНАХОЖДЕНИЕ И ШИФР ХРАНЕНИЯ |
| Идентификатор организации |
NLR |
| Шифр хранения (Call Number) |
87-3/8478 |
| 942 ## - ДОПОЛНИТЕЛЬНЫЕ ЭЛЕМЕНТЫ ЗАПИСИ (АБИС) |
| Тип экземпляра АБИС |
Книга |
| 980 ## - КОЛЛЕКЦИЯ |
| Название коллекции |
Национальная библиография |